|
|
|
|
| LEADER |
00000cam a2200000 a 4500 |
| 001 |
111679 |
| 003 |
Ucuenca |
| 005 |
20231212063210.0 |
| 008 |
014071|2012 ch |||||r|||||||||||spa|| |
| 020 |
|
|
|a 9786071506610
|
| 020 |
|
|
|a 9780073404332
|
| 040 |
|
|
|b spa
|
| 041 |
1 |
|
|a spa
|
| 082 |
0 |
|
|a 301
|
| 100 |
1 |
|
|a Schaefer, Richard T.
|9 118013
|
| 245 |
|
|
|a Sociología
|c Richard T. Schaefer. Traducción María Cristina Briceño Quinetro y otros. Revisión técnica Lizandra Torres Martínez
|h imp
|
| 250 |
|
|
|a 12a ed.
|
| 264 |
|
|
|a México
|b McGraw-Hill
|c 2012
|
| 300 |
|
|
|a 562 páginas:
|b ilu
|c 27 cm
|
| 504 |
|
|
|a incl. ref.
|
| 650 |
|
0 |
|a Vida social
|9 182
|
| 650 |
|
0 |
|a Desigualdad social
|9 8954
|
| 650 |
|
0 |
|a Políticas sociales
|9 313
|
| 650 |
|
4 |
|a Género
|9 4930
|
| 650 |
|
0 |
|a Instituciones sociales
|9 45182
|
| 650 |
|
4 |
|a Sociología
|9 183
|
| 852 |
|
|
|a UC-CDJBV
|f Compra
|l 1
|m General
|p 20140716
|q 58.50
|r 2
|t 111679
|w Derecho
|y 217505
|b 0
|d CDRC
|e CDRC
|g 301 PRIMER PISO
|z 2014-40-71
|
| 856 |
|
|
|a http://sibuc.ucuenca.edu.ec/portada/111679.jpg
|
| 942 |
|
|
|c BK
|0 9
|2 ddc
|z luz.vázquez@ucuenca.edu.ec
|
| 999 |
|
|
|c 69516
|d 69516
|